[Event "GER-chT U16 Girls"]
[Site "Magdeburg"]
[Date "2023.12.27"]
[Round "1.10"]
[White "Piffczyk, Claudia"]
[Black "Muhina, Alina"]
[Result "0-1"]
[WhiteElo "911"]
[BlackElo "1210"]
[PlyCount "56"]
[EventDate "2023.12.26"]
[EventType "team-swiss"]
[EventRounds "7"]
[EventCountry "GER"]
[SourceTitle "CB03_2024"]
[SourceDate "2024.01.17"]
[SourceVersion "1"]
[SourceVersionDate "2024.01.17"]
[SourceQuality "1"]
[WhiteTeam "Garching II"]
[BlackTeam "Garching"]
[WhiteTeamCountry "GER"]
[BlackTeamCountry "GER"]

1. e4 c6 2. d4 d5 3. e5 Bf5 4. Nf3 e6 5. Nc3 c5 6. Bb5+ Nc6 7. 0-0 Qb6 8. Be3 Nh6 9. Qe2 Ng4 10. Rad1 Nxe3 11. Qxe3 Bxc2 12. Rc1 Bf5 13. a3 cxd4 14. Nxd4 Bc5 15. Rfd1 0-0 16. Nce2 Nxd4 17. Nxd4 Bxd4 18. Qxd4 Qxb5 19. Qh4 Qxb2 20. Rb1 Bxb1 21. h3 Rac8 22. Qg5 Rc2 23. Rf1 Rfc8 24. g3 Rc1 25. Kg2 Rxf1 26. Kxf1 Rc1+ 27. Kg2 Be4+ 28. Kh2 Qxf2# 0-1